| 000 | 00729nam a22002293a 4500 | ||
|---|---|---|---|
| 005 | 20240919063908.0 | ||
| 008 | 010507s1997 mx fr 000 0 spa d | ||
| 020 | _a9686932895 | ||
| 035 | _aUPN01000106091 | ||
| 049 | _aCG | ||
| 050 | 4 |
_aJL1282 _bC6.2 |
|
| 100 | 1 |
_aCosío Villegas, Daniel, _d1898-1976 |
|
| 245 | 1 | 3 |
_aLa crisis de México / _cDaniel Cosío Villegas. |
| 260 |
_aMéxico : _bClío, _c1997. |
||
| 300 |
_a71 p. _bil. |
||
| 440 | 0 | _aObras completas de Daniel Cosío Villegas | |
| 651 | 4 |
_aMEXICO - _xHISTORIA - _yREVOLUCION, 1910-1917 - _vDISCURSOS, ENSAYOS, CONFERENCIAS, ETC. |
|
| 651 | 4 |
_aMéxico _xPolítica y gobierno _94512 |
|
| 901 | _a170168/170169/170170/170171 | ||
| 902 | _aMCM/mva | ||
| 905 | _aLibro | ||
| 999 |
_c80004 _d80004 |
||